Varones: género y subjetividad masculina /
Salvato in:
| Autore principale: | |
|---|---|
| Altri autori: | |
| Natura: | testo |
| Lingua: | Spanish |
| Pubblicazione: |
Buenos Aires:
Paidos,
2000
|
| Tags: |
Aggiungi Tag
Nessun Tag, puoi essere il primo ad aggiungerne!!
|
MARC
| LEADER | 00000 a a2200000 04500 | ||
|---|---|---|---|
| 001 | 44913 | ||
| 003 | cru CIDCACS/IIS | ||
| 005 | 20230922165449.0 | ||
| 008 | 180726b ||||| |||| 00| 0 spa d | ||
| 040 | |c cru CIDCACS/IIS | ||
| 100 | |a Burin, Mabel | ||
| 245 | |a Varones: |b género y subjetividad masculina / |c Mabel Burin e Irene Meler | ||
| 260 | |a Buenos Aires: |b Paidos, |c 2000 | ||
| 300 | |a páginas 9-10 | ||
| 700 | |a Meler,Irene | ||
| 773 | |g 287 páginas | ||
| 942 | |2 ddc |c LI | ||
| 999 | |c 19648 |d 19648 | ||
| 773 | 0 | |0 5460 |9 9782 |a Meler, Irene |d Costa Rica : sin editorial |o 07437 |t Mujeres y varones. Subjetividad, salud mental y malestar emocional en las familias y el trabajo: |w (cru CIDCACS/IIS)44912 |x [sin ISBN] |z [sin ISBN] | |
